| 000 | 00628nam a2200205 i 4500 | ||
|---|---|---|---|
| 001 | 83616 | ||
| 003 | ES-MaACL | ||
| 005 | 20230906174850.0 | ||
| 007 | t| | ||
| 008 | 041117s1954 sp f |||| | spa d | ||
| 100 | 1 |
_aIsasi García, Alfredo. _965542 |
|
| 245 | 1 | 3 |
_aEl seguro de enfermedad / _cpor Alfredo Isasi García. |
| 260 |
_aMadrid : _bPublicaciones Españolas, _c1954. |
||
| 300 |
_a28 p., [4] p. de lám. ; _c24 cm. |
||
| 490 | 1 |
_aTemas españoles ; _v106 |
|
| 650 | 4 |
_aSeguros de asistencia sanitaria. _9163126 |
|
| 830 | 0 |
_aTemas españoles ; _v106 _9178712 |
|
| 852 |
_aES-MaACL _j1980-F-1 |
||
| 999 |
_c83616 _d83616 |
||